Statistics for European Countries with the Most Population Growth by Decade

Click here to take the quiz!

General Stats

  • This quiz has been taken 422 times
  • The average score is 12 of 13

Answer Stats

# DecadesCountry% Correct
3Germany
100%
4Russia
100%
7France
99%
2Italy
99%
3United Kingdom
99%
3Poland
98%
4Spain
98%
1Netherlands
95%
1Sweden
95%
4Ukraine
93%
1Belgium
91%
1Ireland
85%
1Switzerland
79%

Score Distribution

Percentile by Number Answered

Percent of People with Each Score

Your Score History

You have not taken this quiz